Tawanan larut malam

Bibliographic Details
Main Author: Shahidan Md Noh
Format: Book
Published: Kuala Lumpur : DBP , 1985

MARC

LEADER 00000cam a2200000 7i4500
001 0000007563
002 000008125
005 20000330.0
020 |a 88320260102 
090 0 0 |a JF   |b SHA 
100 0 |a Shahidan Md Noh 
245 1 0 |a Tawanan larut malam   |c Shahidan Md Noh 
260 |a Kuala Lumpur :   |b DBP ,   |c 1985 
300 |a 167p. :   |b ill ;   |c 18cm. 
999 |a 055525   |b BUKU   |c PINJAMAN   |e PERPUSTAKAAN KOMUNITI CAW KOTA DAMANSARA